000 00683nam a2200193Ia 4500
003 GCL
008 140319s9999 xx 000 0 ara d
040 _aGCL /
_cGCL
082 0 4 _a330.122
_bف ر
100 1 _aفارجا، يوجين
245 1 0 _aراسمالية القرن العشرين /
_cفارجا، يوجين
260 _aالقاهرة :
_bدار الكاتب العربى للطباعة والنشر ،
_c1967
300 _a209 ص ؛
_c24 سم
650 0 4 _aالنظم الاقتصادية
650 0 4 _aراس المال
650 0 4 _aالراسمالية
650 0 4 _aالتنمية الاقتصادية - الجوانب الاجتماعية
942 _2ddc
_cBK
999 _c5835
_d5835